Statistics for Elite Sports Trivia - NRL

Click here to take the quiz!

General Stats

  • This quiz has been taken 17 times
  • The average score is 12 of 20

Answer Stats

QuestionAnswer% Correct
Who shared the Dally M medal in 2014?Johnathon Thurston & Jarryd Hayne
94%
Who played more games for the Brisbane Broncos?Corey Parker
82%
Who debuted in the NRL first?Brad Fittler
71%
Nathan Hindmarsh was desperately unlucky to never win a premiership with the Eels, which other two players also played in the 2001 and 2009 parramatta squads that lost the final?Luke Burt & Nathan Cayless
71%
Who played in a winning grand final as a winger and later in his career in the back row?Luke Lewis
71%
Which brother combination did NOT both play for the NSW bluesMark and Anthony Miniochiello
71%
Which of the following players is NOT a kiwi?Nathan Merritt
71%
Which player does not boast a premiership ring?Jarred Mullen
65%
Who was in the Gold Coast Titans inaugural squad?Preston Campbell
65%
Who were the fullback & two wingers in the Dragons 2010 Grand Final victory?B.Morris, D.Boyd, J.Nightingale
53%
Who has scored the most NRL tries?Jamie Lyon
53%
Which is NOT true of the club record appearances?Manly Sea Eagles: Jamie Lyon
53%
Which is NOT true of the club record tries?Parramatta Eles: Jarryd Hayne
53%
Which former Wallaby never came back to the NRL after his Union career?Ryan Cross
53%
Who did not play in the Buldogs 2004 grand final winning team?Brett Firmin
47%
Who played more games for the Sydney Roosters?Luke Ricketson
47%
Which forward has scored the most NRL tries?Steve Price
47%
You have 6 men in your expert panel (Freddie, Sterlo, Joey, Gorden, Brandy & Loz) who are the 2 in the panel that have not won a Dally M medal?Freddie & Gorden
35%
Who was never coached by Wayne Bennett?Gerard Beale
29%
Which of the following is NOT factualCarl Webb never played for the Kangaroos: False
24%

Score Distribution

Percentile by Number Answered

Percent of People with Each Score

Your Score History

You have not taken this quiz